Účtovníctvo schémy účtovania

Guardado en:
Detalles Bibliográficos
Autor principal: Mázik, Ján
Otros Autores: Soukupová, Božena, Kovalčíková, Antónia, Máziková, Katarína
Formato: Libro
Lenguaje:eslovaco
Publicado: Bratislava Perfekt 1992
Edición:1. vyd.
Materias:
Etiquetas: Agregar Etiqueta
Sin Etiquetas, Sea el primero en etiquetar este registro!

MARC

LEADER 00000nam a2200000 4500
001 c005101
005 20221214090819.9
020 |a 80-85261-32-4 
041 0 |a slo 
044 |a SK 
245 1 0 |a Účtovníctvo  |b schémy účtovania  |c Ján Mázik a kol. 
250 |a 1. vyd. 
264 1 |a Bratislava  |b Perfekt  |c 1992 
300 |a 192 s. 
610 2 0 |a účtovníctvo 
610 2 0 |a prostriedky základné 
610 2 0 |a zásoby 
610 2 0 |a peniaze 
610 2 0 |a výroba 
610 2 0 |a výkony podnikové 
610 2 0 |a výsledok hospodársky 
610 2 0 |a účty 
610 2 0 |a spoločnosti akciové 
610 2 0 |a podnikanie súkromné 
610 2 0 |a súvaha 
610 2 0 |a výsledovka 
610 2 0 |a analýza nákladov a výnosov 
100 1 |a Mázik, Ján 
700 1 |a Soukupová, Božena 
700 1 |a Kovalčíková, Antónia 
700 1 |a Máziková, Katarína